00476nam a2200193Ia 450000100060000000300070000600800410001302000150005404000110006908000100008010000180009024500430010824500340015126000110018526000150019626000090021130000190022065300430023914502GE_BSU181216s||||||||xx |||||||||||||| ||und|| a0091765366 cGE_BSU a82-93 aJacques,Brian 4aThe Pearls of Lutra. A Tale of Redwall cIllustrated by Allan Curcless aLondon bHutchinson c1996 a406p.ill.23cm. aThe Pearls of Lutra. A Tale of Redwall